The clash of capitalisms: The real fight for the global economy’s future (Record no. 527571)
[ view plain ]
| 000 -LEADER | |
|---|---|
| fixed length control field | 00790nam a22001457a 4500 |
| 008 - FIXED-LENGTH DATA ELEMENTS--GENERAL INFORMATION | |
| fixed length control field | 240905b ||||| |||| 00| 0 eng d |
| 100 ## - MAIN ENTRY--PERSONAL NAME | |
| Personal name | Milanovic, Branko |
| 245 ## - TITLE STATEMENT | |
| Title | The clash of capitalisms: The real fight for the global economy’s future |
| 260 ## - PUBLICATION, DISTRIBUTION, ETC. (IMPRINT) | |
| Place of publication, distribution, etc | Foreign Affairs |
| 300 ## - PHYSICAL DESCRIPTION | |
| Extent | 99(1), Jan-Feb, 2020: p.10-21 |
| 520 ## - SUMMARY, ETC. | |
| Summary, etc | Capitalism rules the world. With only the most minor exceptions, the entire globe now organizes economic production the same way: labor is voluntary, capital is mostly in private hands, and production is coordinated in a decentralized way and motivated by profit.- Reproduced https://www.foreignaffairs.com/articles/united-states/2019-12-10/clash-capitalisms |
| 773 ## - HOST ITEM ENTRY | |
| Main entry heading | Foreign Affairs |
| 906 ## - LOCAL DATA ELEMENT F, LDF (RLIN) | |
| Subject DIP | INTERNATIONAL TRADE |
| 942 ## - ADDED ENTRY ELEMENTS (KOHA) | |
| Item type | Articles |
| Withdrawn status | Lost status | Source of classification or shelving scheme | Damaged status | Not for loan | Permanent location | Current location | Date acquired | Serial Enumeration / chronology | Barcode | Date last seen | Koha item type |
|---|---|---|---|---|---|---|---|---|---|---|---|
| Indian Institute of Public Administration | Indian Institute of Public Administration | 2024-09-05 | 99(1), Jan-Feb, 2020: p.10-21 | AR133012 | 2024-09-05 | Articles |
